MTG Planeswalkers - Statistics

General Stats
  • This quiz has been taken 163 times
    22 since last reset
  • The average score is 27 of 71
Answer Stats
First Appearance Planeswalker % Correct
Lorwyn Chandra Nalaar
89%
Lorwyn Jace Beleren
89%
Conflux Nicol Bolas
83%
Lorwyn Ajani
78%
Lorwyn Liliana Vess
78%
Shards of Alara Elspeth Tiriel
72%
Lorwyn Garruk Wildspeaker
72%
New Phyrexia Karn
72%
Throne of Eldraine Oko
72%
Fate Reforged Ugin
72%
Zendikar Nissa Revane
67%
Zendikar Sorin Markov
61%
Kamigawa: Neon Dynasty Kaito Shizuki
56%
Dragon's Maze Ral Zarek
56%
Commander 2014 Teferi Akosia
56%
Return to Ravnica Vraska
56%
Theros Ashiok
50%
Avacyn Restored Tamiyo
50%
Shards of Alara Tezzeret
50%
The Brothers' War Urza
50%
Conspiracy: Take the Crown Kaya Cassir
44%
Global Series: Jiang Yanggu & Mu Yanling Mu yanling
44%
Commander 2014 Nahiri
44%
Modern Horizons Serra
44%
War of the Spark The Wanderer
44%
Kaladesh Dovin Baan
39%
Rise of the Eldrazi Gideon Jura
39%
Global Series: Jiang Yanggu & Mu Yanling Jiang Yanggu
39%
The Lost Caverns of Ixalan Quintorius Kand
39%
Commander Legends Tevesh Szat
39%
Avacyn Restored Tibalt
39%
Battlebond Will Kenrith
39%
Core Set 2021 Basri Ket
33%
Gatecrash Domri Rade
33%
Dominaria Jaya Ballard
33%
Scars of Mirrodin Koth
33%
Dragons of Tarkir Narset
33%
Commander 2014 Ob Nixilis
33%
Battlebond Rowan Kenrith
33%
Shards of Alara Sarkhan Vol
33%
Commander 2014 Daretti
28%
Commander Masters Guff
28%
Ixalan Huatli
28%
Ikoria Lukka
28%
Kaladesh Saheeli Rai
28%
Hour of Devastation Samut
28%
War of the Spark Teyo Verada
28%
Kaldheim Tyvar Kell
28%
Scars of Mirrodin Venser
28%
Modern Horizons Wrenn
28%
Modern Horizons 2 Geyadrone Dihada
22%
Modern Horizons 2 Grist
22%
Commander Legends Jeska
22%
Theros Kiora
22%
Kaldheim Niko Aris
22%
Commander 2018 Aminatou
17%
Rivals of Ixalan Angrath
17%
Shadows Over Innistrad Arlinn Kord
17%
Theros Beyond Death Calix
17%
Conspiracy Dack Fayden
17%
Commander 2014 Freyalise
17%
Dominaria United Commander Jared Carthalion
17%
Core Set 2019 Vivien Reid
17%
Theros Xenagos
17%
War of the Spark Davriel Cane
11%
War of the Spark Kasmina
11%
Commander 2018 Windgrace
11%
Modern Horizons 2 Dakkon Blackblade
6%
Commander 2018 Estrid
6%
Dominaria United Commander Sivitri Scarzam
6%
Commander Masters Vronos
6%
No matching quizzes found
Score Distribution
Percent of People with Each Score
Percentile by Number Answered
Your Score History
You have not taken this quiz since the last reset